000 01943cam a22005174i 4500
003 PE-LiUPU
005 20250731184552.0
008 150616s r 000 0 d
035 _a(Sirsi) a3455
040 _aPE-LiUPU
_bspa
_cPE-LiUPU
_erda
049 _aPRUA
082 0 4 _a985.85375
_bG55
_221
100 1 _aGlave Testino, Luis Miguel,
_d1954-,
_eautor.
245 1 0 _aEstructura agraria y vida rural en una región andina :
_bOllantaytambo entre los siglos XVI - XIX /
_cLuis Miguel Glave, María Isabel Remy.
264 1 _aCusco :
_bCERA "Bartolomé de las Casas",
_c1983.
300 _a584 páginas :
_bilustraciones cuadros, láms. ;
_c24 cm.
336 _atext
_2rdacontent
337 _aunmediated
_2rdamedia
338 _avolume
_2rdacarrier
490 0 _aArchivo de Historia Andina ;
_v3
504 _aIncluye bibliografía.
505 0 _aEstructura agraria y vida rural en una región andina: Ollantaytambo entre los siglos XVI _ XIX.
526 _aP136
526 _aP135
526 _aP134
526 _aP133
526 _aP144
526 _aP143
526 _aP87
526 _aP35
526 _aP20
526 _aP14
526 _aP10
526 _aP06
650 0 4 _aHaciendas
_zPerú - Cusco.
650 0 4 _aIndígenas del Perú - Cusco
_xCondiciones sociales
_xHistoria.
650 0 4 _aIndígenas del Perú - Cusco
_xCondiciones económicas
_xHistoria.
700 1 _aRemy, María Isabel,
_d1954-,
_eautor.
910 _ajck
_bjvq
_cjck
942 _2ddc
_cBOOK
949 _a985.85375 G55
_wDEWEY
_c1
_i29595
_lCCODEBUL1
_mBUL
_p00.00
_r0
_sY
_tBOOK
_u2015-04-23
_xEDUCACION
_PP20
_0COMPRA
_o.STAFF. Colección General
994 _aC0
_bPEPRU
596 _a1
999 _a985.85375 G55
_wDEWEY
_c42418
_i29595
_f2021-11-8
_g5
_lCCODEBUL1
_mBUL
_r0
_sY
_tBOOK
_u2015-4-23
_xBIBLIOTECA
_PP20
_0COMPRA
_o.STAFF. Colección General
_d42418
980 _81
_gALBERTO SANCHEZ Responsable de Automatización